Jedna z možností zefektívňovania pedagogického procesu

Salvato in:
Dettagli Bibliografici
Autore principale: Horáková, Galina
Natura: Capitolo di libro
Lingua:slovacco
Soggetti:
Tags: Aggiungi Tag
Nessun Tag, puoi essere il primo ad aggiungerne!!

MARC

LEADER 00000naa$a2200000$$$4500
001 0064915
005 20240502071750.6
041 0 |a slo 
044 |a SK 
245 1 0 |a Jedna z možností zefektívňovania pedagogického procesu  |c Galina Horáková 
500 |a Abstrakt 
610 2 0 |a vyučovanie 
610 2 0 |a efektívnosť 
610 2 0 |a metódy 
100 1 |a Horáková, Galina